|
|
|
|
| LEADER |
00866nam a22002297a 4500 |
| 001 |
28883 |
| 003 |
BD-DhAAL |
| 005 |
20150211153854.0 |
| 008 |
150211s2006 gera|| | |||| 00| 0 eng d |
| 020 |
|
|
|a 929219058X
|
| 040 |
|
|
|a BD-DhAAAL
|c BD-DhAAAL
|
| 082 |
|
|
|2 22
|a 363.73874 COM
|
| 245 |
|
|
|a Investment and financial flows :
|b to address climate change:an update
|
| 260 |
|
|
|a Bonn :
|b United Nations Framework Convention on Climate Change,
|c 2009
|
| 300 |
|
|
|a 112 p. :
|b ill. ;
|c 29 cm.
|
| 541 |
|
|
|e 28883
|
| 650 |
|
|
|a Climatic changes
|x Environmental aspects
|9 8280
|
| 710 |
|
|
|a United Nations Framework Convention on Climate Change
|9 8282
|
| 852 |
|
|
|a Ayesha Abed Library
|
| 942 |
|
|
|2 ddc
|c BK
|
| 999 |
|
|
|c 33664
|d 33664
|
| 952 |
|
|
|0 0
|1 0
|2 ddc
|4 0
|6 363_738740000000000_COM
|7 0
|9 52582
|a C3ER
|b C3ER
|c GEN
|d 2015-02-11
|e C3R
|l 0
|o 363.73874 COM
|p 3010028883
|r 2015-02-11
|t 1
|w 2015-02-11
|y BK
|